[Event "Dublin Malahide Millennium op"]
[Site "Dublin"]
[Date "2024.05.06"]
[Round "6"]
[White "Goss, Alex"]
[Black "Hogan, Pat"]
[Result "0-1"]
[WhiteElo "1914"]
[BlackElo "1959"]
[PlyCount "59"]
[EventDate "2024.05.04"]
[EventType "swiss"]
[EventRounds "6"]
[EventCountry "IRL"]
[SourceTitle "CBM 220 Extra"]
[Source "ChessBase"]
[SourceDate "2024.07.31"]
[SourceVersion "1"]
[SourceVersionDate "2024.07.31"]
[SourceQuality "1"]

1. e4 c5 2. Nf3 d6 3. Bb5+ Bd7 4. Qe2 Nc6 5. 0-0 Nf6 6. c3 a6 7. Bd3 e6 8. Bc2 Be7 9. a3 0-0 10. d4 d5 11. e5 Ne8 12. Qd3 f5 13. exf6 Nxf6 14. Bg5 Ne4 15. Bxe7 Qxe7 16. Nbd2 Nf6 17. Ne5 cxd4 18. cxd4 g6 19. Rfe1 Nxe5 20. Rxe5 Ng4 21. Re2 Bb5 22. Qh3 Bxe2 23. f3 Ne3 24. Bb3 Nc4 25. Bxc4 Bxc4 26. Nxc4 dxc4 27. Re1 Rae8 28. d5 e5 29. Qg4 Rf4 30. Rf1 0-1

[Event "IRL-ch 101st"]
[Site "Dublin"]
[Date "2022.07.08"]
[Round "7"]
[White "Ryan, Joseph"]
[Black "Goss, Alex"]
[Result "1-0"]
[WhiteElo "2270"]
[BlackElo "1859"]
[PlyCount "91"]
[EventDate "2022.07.02"]
[EventType "swiss"]
[EventRounds "9"]
[EventCountry "IRL"]
[SourceTitle "CBM 209 Extra"]
[Source "ChessBase"]
[SourceDate "2022.09.30"]
[SourceVersion "1"]
[SourceVersionDate "2022.09.30"]
[SourceQuality "1"]

1. d4 e6 2. Nf3 Nf6 3. Bf4 d5 4. e3 c5 5. c3 Nc6 6. Nbd2 Bd6 7. Bg3 0-0 8. Bd3 Re8 9. Ne5 Qc7 10. f4 Ne7 11. 0-0 Nf5 12. Bf2 h5 13. h3 h4 14. Qe1 c4 15. Bc2 Nd7 16. Bxh4 f6 17. Nef3 Nf8 18. g4 Ne7 19. Bg3 g5 20. Nh2 Nfg6 21. Qf2 f5 22. Kg2 gxf4 23. exf4 b5 24. g5 Kg7 25. h4 Rh8 26. Bd1 Rxh4 27. Bxh4 Nxf4+ 28. Kh1 Neg6 29. Ndf3 Bd7 30. Ne5 Rh8 31. Bg3 Nd3 32. Qg2 Ngxe5 33. dxe5 Nxe5 34. Kg1 Qb6+ 35. Rf2 Nd3 36. Bxd6 Qxd6 37. Rf1 Nf4 38. Qd2 Nh3+ 39. Kh1 Bc6 40. Bf3 e5 41. Rad1 d4 42. cxd4 e4 43. d5 Bb7 44. Bxe4 fxe4 45. Qd4+ Kg8 46. Rf6 1-0

[Event "IRL-ch 101st"]
[Site "Dublin"]
[Date "2022.07.06"]
[Round "5"]
[White "Goss, Alex"]
[Black "O'Cuilleanain, Oisin"]
[Result "0-1"]
[WhiteElo "1859"]
[BlackElo "1936"]
[PlyCount "66"]
[EventDate "2022.07.02"]
[EventType "swiss"]
[EventRounds "9"]
[EventCountry "IRL"]
[SourceTitle "CBM 209 Extra"]
[Source "ChessBase"]
[SourceDate "2022.09.30"]
[SourceVersion "1"]
[SourceVersionDate "2022.09.30"]
[SourceQuality "1"]

1. e4 c5 2. Nf3 e6 3. c3 Nf6 4. e5 Nd5 5. c4 Ne7 6. d4 cxd4 7. Qxd4 Nbc6 8. Qe4 Ng6 9. Nc3 a6 10. h4 Qc7 11. Bf4 Nxf4 12. Qxf4 d6 13. exd6 Qxd6 14. Qe3 Nb4 15. Rc1 Qc5 16. Qe2 Qa5 17. Nd2 Nxa2 18. Nxa2 Qxa2 19. Ne4 Bb4+ 20. Nc3 Bd7 21. g4 Bc6 22. Rh3 0-0-0 23. Qc2 Rd4 24. Be2 Ba4 25. Qb1 Qxb1 26. Rxb1 Bb3 27. Kf1 Bxc4 28. Rc1 Kb8 29. Bxc4 Rxc4 30. Rd3 Rhc8 31. Rd7 R8c7 32. Rd8+ Ka7 33. Ra1 Bxc3 0-1

[Event "IRL-ch 100th"]
[Site "Dublin"]
[Date "2021.08.03"]
[Round "4"]
[White "O'Connell, Gerard"]
[Black "Goss, Alex"]
[Result "1/2-1/2"]
[WhiteElo "2051"]
[BlackElo "1833"]
[PlyCount "149"]
[EventDate "2021.07.31"]
[EventType "swiss"]
[EventRounds "9"]
[EventCountry "IRL"]
[SourceTitle "CBM 203 Extra"]
[Source "ChessBase"]
[SourceDate "2021.09.30"]
[SourceVersion "1"]
[SourceVersionDate "2021.09.30"]
[SourceQuality "1"]

1. d4 g6 2. c4 Bg7 3. Nf3 Nf6 4. Nc3 0-0 5. e4 d6 6. Be2 Na6 7. 0-0 e5 8. d5 Nc5 9. Qc2 a5 10. Be3 Nfd7 11. Nd2 f5 12. f3 f4 13. Bf2 h5 14. b3 h4 15. a3 Qg5 16. b4 h3 17. g3 fxg3 18. hxg3 axb4 19. axb4 Rxa1 20. Rxa1 Na6 21. Rb1 Nf6 22. Nf1 Nh5 23. Be3 h2+ 24. Kxh2 Nf4 25. Kg1 Kf7 26. Kf2 Rh8 27. Qd2 Rh1 28. Nb5 Bf6 29. c5 Qh5 30. Bxf4 exf4 31. Qxf4 g5 32. Qe3 Qh8 33. Ke1 Bd7 34. Kd1 Qh3 35. Qf2 Qh8 36. Qe3 Qh3 37. Kd2 Qg2 38. c6 bxc6 39. dxc6 Bxc6 40. Nd4 Bd7 41. Qb3+ Kf8 42. Qc4 Qf2 43. Nc2 Bc8 44. Nce3 g4 45. f4 c5 46. b5 Bd4 47. Nd5 Nb8 48. Nc7 Rg1 49. Ne6+ Bxe6 50. Qxe6 Rg2 51. Qxd6+ Kf7 52. Qd5+ Ke7 53. Qc4 Bc3+ 54. Kxc3 Qxe2 55. Qxe2 Rxe2 56. Kc4 Rxe4+ 57. Kxc5 Nd7+ 58. Kc6 Rc4+ 59. Kb7 Nc5+ 60. Kb6 Nd7+ 61. Ka5 Kd8 62. Ne3 Rc3 63. Nf5 Rc5 64. Nd4 Rc3 65. Rb3 Rc4 66. Nc6+ Kc7 67. Ne5 Nc5 68. Nxc4 Nxb3+ 69. Kb4 Nd4 70. Ne3 Ne2 71. Nxg4 Nxg3 72. Ne3 Ne4 73. Nc4 Nf2 74. Kc5 Nd3+ 75. Kd5 1/2-1/2

[Event "IRL-ch 100th"]
[Site "Dublin"]
[Date "2021.08.02"]
[Round "3"]
[White "Venkatesan, Kavin"]
[Black "Goss, Alex"]
[Result "1-0"]
[WhiteElo "2011"]
[BlackElo "1833"]
[PlyCount "39"]
[EventDate "2021.07.31"]
[EventType "swiss"]
[EventRounds "9"]
[EventCountry "IRL"]
[SourceTitle "CBM 203 Extra"]
[Source "ChessBase"]
[SourceDate "2021.09.30"]
[SourceVersion "1"]
[SourceVersionDate "2021.09.30"]
[SourceQuality "1"]

1. d4 Nf6 2. c4 e6 3. Nc3 c5 4. d5 exd5 5. cxd5 d6 6. Nf3 g6 7. Nd2 Bg7 8. Nc4 0-0 9. Bf4 Ne8 10. Qd2 f5 11. h4 h5 12. Nb5 a6 13. Nbxd6 b5 14. Nxe8 Rxe8 15. Nd6 Re5 16. Bxe5 Bxe5 17. Nxc8 Bc7 18. 0-0-0 Ba5 19. Qg5 Qxc8 20. Qxg6+ 1-0

[Event "Caplin British Online"]
[Site "Chess.com INT"]
[Date "2020.12.29"]
[Round "6"]
[White "Goss, Alex"]
[Black "Gordon, Sean"]
[Result "1/2-1/2"]
[WhiteElo "1833"]
[BlackElo "2039"]
[PlyCount "156"]
[EventDate "2020.12.21"]
[EventType "swiss"]
[EventRounds "9"]
[EventCountry "GBR"]
[SourceTitle "CBM 200 Extra"]
[Source "ChessBase"]
[SourceDate "2021.03.31"]
[SourceVersion "1"]
[SourceVersionDate "2021.03.31"]
[SourceQuality "1"]

1. e4 c6 2. d4 d5 3. Nc3 dxe4 4. Nxe4 Bf5 5. Ng3 Bg6 6. h4 h6 7. Nf3 Nd7 8. Bd3 Bxd3 9. Qxd3 e6 10. c4 Ngf6 11. Bd2 c5 12. Bc3 cxd4 13. Nxd4 Bc5 14. 0-0-0 Qb6 15. Rhe1 0-0-0 16. Qe2 Rhe8 17. Rf1 Kb8 18. Nb3 Bb4 19. Bd4 Qa6 20. a3 Be7 21. Kb1 Rc8 22. Rc1 Nb6 23. Be5+ Ka8 24. c5 Qxe2 25. Nxe2 Nbd7 26. Bd4 e5 27. Be3 Ng4 28. c6 bxc6 29. g3 Nxe3 30. fxe3 f6 31. Rfd1 Nb6 32. Na5 c5 33. Nc4 Red8 34. Na5 h5 35. Nc3 c4 36. Nb5 Rxd1 37. Rxd1 Rc5 38. a4 a6 39. b4 Rc8 40. Nd6 Rd8 41. Nab7 Rd7 42. Kc2 Rxb7 43. Nxb7 Kxb7 44. a5 Nc8 45. Kc3 Nd6 46. Rd5 Nf5 47. e4 Nd6 48. Kc2 Kc6 49. Rc5+ Kd7 50. Rd5 Ke6 51. Rc5 Nxe4 52. Rxc4 Kd5 53. Rc7 Bxb4 54. Rxg7 Bxa5 55. Kd3 Nc5+ 56. Ke3 Be1 57. Ke2 Bb4 58. Rh7 a5 59. Rxh5 a4 60. Rh8 a3 61. Ra8 Ne4 62. Kf3 Nc3 63. h5 a2 64. h6 Bf8 65. h7 Bg7 66. Ra7 Bh8 67. Ra8 e4+ 68. Kf4 f5 69. Rxh8 Ne2+ 70. Ke3 a1Q 71. Rd8+ Kc4 72. h8Q Qa3+ 73. Kxe2 Qf3+ 74. Ke1 Qxg3+ 75. Ke2 Qf3+ 76. Ke1 Qg3+ 77. Ke2 Qf3+ 78. Ke1 Qg3+ 1/2-1/2

[Event "IRL-ch"]
[Site "Dublin"]
[Date "2020.08.06"]
[Round "6"]
[White "McHugh, Kevin"]
[Black "Goss, Alex"]
[Result "1/2-1/2"]
[WhiteElo "2010"]
[BlackElo "1828"]
[PlyCount "39"]
[EventDate "2020.08.01"]
[EventType "swiss"]
[EventRounds "9"]
[EventCountry "IRL"]
[SourceTitle "CBM 197 Extra"]
[Source "ChessBase"]
[SourceDate "2020.09.30"]
[SourceVersion "1"]
[SourceVersionDate "2020.09.30"]
[SourceQuality "1"]

1. e4 e6 2. d4 d5 3. Nd2 a6 4. Bd3 c5 5. dxc5 Bxc5 6. Ngf3 Nf6 7. exd5 Nxd5 8. Ne4 Be7 9. 0-0 0-0 10. Re1 Nb4 11. Be2 Qc7 12. c4 Rd8 13. Qb3 f5 14. Ng3 a5 15. Bg5 Bxg5 16. Nxg5 N8a6 17. a3 Nc5 18. Qc3 Na4 19. Qb3 Nc5 20. Qc3 1/2-1/2

[Event "Murmansk ChessMates 4th"]
[Site "Murmansk"]
[Date "2020.03.13"]
[Round "2.3"]
[White "Goss, Alex"]
[Black "Vlachos, Anatole"]
[Result "0-1"]
[WhiteElo "1811"]
[BlackElo "2403"]
[PlyCount "70"]
[EventDate "2020.03.13"]
[EventType "team-tourn"]
[EventRounds "5"]
[EventCountry "RUS"]
[SourceTitle "CBM 195 Extra"]
[Source "ChessBase"]
[SourceDate "2020.05.31"]
[SourceVersion "1"]
[SourceVersionDate "2020.05.31"]
[SourceQuality "1"]
[WhiteTeam "Ireland Youth"]
[BlackTeam "Ile de France Youth"]
[WhiteTeamCountry "IRL"]
[BlackTeamCountry "FRA"]

1. e4 c5 2. Nf3 Nc6 3. Bb5 Nf6 4. Bxc6 dxc6 5. d3 Qc7 6. h3 e5 7. 0-0 h6 8. Be3 Be6 9. Nbd2 g5 10. Nh2 Be7 11. Nb3 b6 12. a4 a5 13. Nd2 Nd7 14. c3 0-0-0 15. Qe2 f5 16. exf5 Bxf5 17. d4 exd4 18. cxd4 Rhe8 19. Qa6+ Qb7 20. Qxb7+ Kxb7 21. Nhf3 cxd4 22. Nxd4 Bd3 23. Rfc1 Nc5 24. N2b3 Nxb3 25. Nxb3 Bf6 26. Ra2 Bg6 27. Nd2 Rxe3 28. fxe3 Rxd2 29. Rf1 Be5 30. Rf2 Bh2+ 31. Kf1 Rd6 32. g4 Bg3 33. Rf8 Rd2 34. Rg8 Bd3+ 35. Kg1 Bh2+ 0-1

[Event "Dublin St Andrews op-B"]
[Site "Dublin"]
[Date "2019.09.21"]
[Round "2"]
[White "Goss, Alex"]
[Black "Kavanagh, James"]
[Result "1-0"]
[WhiteElo "1829"]
[BlackElo "1497"]
[PlyCount "29"]
[EventDate "2019.09.20"]
[EventType "swiss"]
[EventRounds "6"]
[EventCountry "IRL"]
[SourceTitle "EXT 2020"]
[Source "ChessBase"]
[SourceDate "2019.10.17"]
[SourceVersion "1"]
[SourceVersionDate "2019.10.17"]
[SourceQuality "1"]

1. e4 c5 2. d4 cxd4 3. Nf3 Nc6 4. Bc4 e6 5. Nxd4 Nxd4 6. Qxd4 b6 7. Nc3 Nf6 8. e5 Bc5 9. Qh4 d5 10. Bg5 dxc4 11. Rd1 Bd7 12. exf6 gxf6 13. Bxf6 Be7 14. Ne4 Qc7 15. Bxe7 1-0

[Event "Dublin Irish op"]
[Site "Dublin"]
[Date "2019.04.21"]
[Round "7"]
[White "Melaugh, Gavin"]
[Black "Goss, Alex"]
[Result "1-0"]
[WhiteElo "2109"]
[BlackElo "1765"]
[PlyCount "125"]
[EventDate "2019.04.17"]
[EventType "swiss"]
[EventRounds "9"]
[EventCountry "IRL"]
[SourceTitle "CBM 189 Extra"]
[Source "ChessBase"]
[SourceDate "2019.05.31"]
[SourceVersion "1"]
[SourceVersionDate "2019.05.31"]
[SourceQuality "1"]

1. d4 d5 2. Bf4 Bf5 3. Nc3 c6 4. Qd2 Nf6 5. f3 h6 6. g4 Bh7 7. e3 e6 8. Bd3 Bxd3 9. Qxd3 Bd6 10. Nge2 Na6 11. a3 Qe7 12. Ng3 Qc7 13. Bxd6 Qxd6 14. b4 Nc7 15. Kf2 a5 16. bxa5 Rxa5 17. a4 Ke7 18. Rhb1 Rb8 19. h4 b5 20. axb5 Rxa1 21. Rxa1 Nxb5 22. Na4 Ra8 23. c4 Qb4 24. cxb5 cxb5 25. Rb1 Qxa4 26. Qxb5 Qxb5 27. Rxb5 Ra2+ 28. Ne2 Nd7 29. Rb7 Kd6 30. g5 hxg5 31. hxg5 Kc6 32. Rb1 f6 33. Rh1 Ra8 34. Rh7 Rg8 35. Nf4 Nf8 36. Rh1 fxg5 37. Nh3 Nh7 38. Rg1 Kd6 39. Nxg5 Nxg5 40. Rxg5 Ke7 41. Rg1 Kf6 42. Rb1 Rc8 43. Rb3 Rc7 44. Kg3 Rc1 45. e4 dxe4 46. fxe4 Rc4 47. Rd3 e5 48. Rf3+ Ke6 49. d5+ Kd6 50. Re3 Kc5 51. Kg4 Kd4 52. Re1 Rc7 53. Kf5 Rf7+ 54. Ke6 Rf6+ 55. Ke7 Rb6 56. d6 g5 57. d7 Rb7 58. Ke8 Rb8+ 59. d8Q+ Rxd8+ 60. Kxd8 g4 61. Ke7 g3 62. Ke6 g2 63. Kf5 1-0

[Event "Dublin Irish op"]
[Site "Dublin"]
[Date "2019.04.20"]
[Round "6"]
[White "Goss, Alex"]
[Black "O Hanlon, Joseph"]
[Result "1-0"]
[WhiteElo "1765"]
[BlackElo "1548"]
[PlyCount "31"]
[EventDate "2019.04.17"]
[EventType "swiss"]
[EventRounds "9"]
[EventCountry "IRL"]
[SourceTitle "CBM 190 Extra"]
[Source "ChessBase"]
[SourceDate "2019.07.15"]
[SourceVersion "1"]
[SourceVersionDate "2019.07.15"]
[SourceQuality "1"]

1. e4 d6 2. d4 Nf6 3. Nc3 Nbd7 4. f4 e5 5. Nf3 exd4 6. Nxd4 g6 7. Bc4 Bg7 8. Be3 0-0 9. Qf3 Nc5 10. h3 Qe7 11. 0-0-0 Re8 12. e5 dxe5 13. fxe5 Nfd7 14. Nd5 Qd8 15. Nf6+ Nxf6 16. Nc6 1-0

[Event "Dublin Irish op"]
[Site "Dublin"]
[Date "2019.04.18"]
[Round "3"]
[White "Schmitz, Andreas Arnold"]
[Black "Goss, Alex"]
[Result "1-0"]
[WhiteElo "2003"]
[BlackElo "1765"]
[PlyCount "51"]
[EventDate "2019.04.17"]
[EventType "swiss"]
[EventRounds "9"]
[EventCountry "IRL"]
[SourceTitle "CBM 189 Extra"]
[Source "ChessBase"]
[SourceDate "2019.05.31"]
[SourceVersion "1"]
[SourceVersionDate "2019.05.31"]
[SourceQuality "1"]

1. e4 e6 2. d4 d5 3. exd5 exd5 4. Nf3 Bd6 5. Be2 Ne7 6. 0-0 0-0 7. b3 Bf5 8. c4 c6 9. Bd3 Bxd3 10. Qxd3 Nd7 11. Nc3 Rc8 12. c5 Bb8 13. b4 b6 14. Bg5 f6 15. Bh4 Ng6 16. Bg3 Bxg3 17. hxg3 a5 18. a3 Qc7 19. Rfe1 Rfe8 20. Re2 Kf7 21. Rae1 axb4 22. axb4 b5 23. Qf5 Rxe2 24. Rxe2 Ndf8 25. Nxb5 Ne7 26. Qxc8 1-0

[Event "IRL-ch U19"]
[Site "Dublin"]
[Date "2019.04.13"]
[Round "3"]
[White "Scallan, Fiachra"]
[Black "Goss, Alex"]
[Result "1-0"]
[WhiteElo "1926"]
[BlackElo "1771"]
[PlyCount "49"]
[EventDate "2019.04.12"]
[EventType "swiss"]
[EventRounds "6"]
[EventCountry "IRL"]
[SourceTitle "EXT 2021"]
[Source "ChessBase"]
[SourceDate "2020.10.23"]
[SourceVersion "1"]
[SourceVersionDate "2020.10.23"]
[SourceQuality "1"]

1. e4 e6 2. d4 d5 3. Bd3 Nf6 4. e5 Nfd7 5. Ne2 c5 6. c3 Nc6 7. Nd2 cxd4 8. cxd4 Nb4 9. Bb1 Be7 10. Nf4 Bg5 11. Nf3 Bxf4 12. Bxf4 f6 13. h4 Nc6 14. Rh3 fxe5 15. Nxe5 Ndxe5 16. dxe5 Qe7 17. a3 0-0 18. Qh5 g6 19. Bxg6 hxg6 20. Rg3 Rf7 21. Rxg6+ Rg7 22. Bh6 Rxg6 23. Qxg6+ Kh8 24. Bg5 Nxe5 25. Bf6+ 1-0

[Event "IRL-chT"]
[Site "Dublin"]
[Date "2019.04.07"]
[Round "5.3"]
[White "Barrett, Conor"]
[Black "Goss, Alex"]
[Result "0-1"]
[WhiteElo "1655"]
[BlackElo "1765"]
[PlyCount "75"]
[EventDate "2019.04.05"]
[EventType "team-swiss"]
[EventRounds "5"]
[EventCountry "IRL"]
[SourceTitle "CBM 189 Extra"]
[Source "ChessBase"]
[SourceDate "2019.05.31"]
[SourceVersion "1"]
[SourceVersionDate "2019.05.31"]
[SourceQuality "1"]
[WhiteTeam "Ballinasloe"]
[BlackTeam "Elm Mount"]
[WhiteTeamCountry "IRL"]
[BlackTeamCountry "IRL"]

1. b3 Nf6 2. Bb2 e6 3. e3 d5 4. Nf3 Bd6 5. Be2 c6 6. d3 Nbd7 7. 0-0 Qc7 8. Nbd2 e5 9. e4 0-0 10. Re1 Re8 11. Rc1 Bc5 12. exd5 Bxf2+ 13. Kxf2 Ng4+ 14. Kg1 Ne3 15. dxc6 bxc6 16. Nc4 Nxd1 17. Bxd1 f6 18. d4 e4 19. Nfd2 f5 20. g4 Nf6 21. gxf5 Bxf5 22. Ne3 Qf4 23. Ndc4 Ng4 24. Bxg4 Bxg4 25. Nxg4 Qxg4+ 26. Kh1 Qf3+ 27. Kg1 Rf8 28. Rf1 Qg4+ 29. Kh1 Rxf1+ 30. Rxf1 Rf8 31. Rxf8+ Kxf8 32. Ba3+ Kg8 33. Bc5 Qf3+ 34. Kg1 e3 35. Nxe3 Qxe3+ 36. Kf1 Qc1+ 37. Ke2 Qxc2+ 38. Ke3 0-1

[Event "IRL-chT"]
[Site "Dublin"]
[Date "2019.04.07"]
[Round "4.2"]
[White "O'Gorman, Alice"]
[Black "Goss, Alex"]
[Result "1/2-1/2"]
[WhiteElo "1938"]
[BlackElo "1765"]
[PlyCount "101"]
[EventDate "2019.04.05"]
[EventType "team-swiss"]
[EventRounds "5"]
[EventCountry "IRL"]
[SourceTitle "CBM 189 Extra"]
[Source "ChessBase"]
[SourceDate "2019.05.31"]
[SourceVersion "1"]
[SourceVersionDate "2019.05.31"]
[SourceQuality "1"]
[WhiteTeam "Trinity"]
[BlackTeam "Elm Mount"]
[WhiteTeamCountry "IRL"]
[BlackTeamCountry "IRL"]

1. e4 e6 2. b3 d5 3. Bb2 dxe4 4. Nc3 Nf6 5. Qe2 Be7 6. Nxe4 Nxe4 7. Qxe4 Bf6 8. d4 Qd5 9. Qd3 0-0 10. 0-0-0 Nc6 11. Kb1 Rd8 12. Nf3 Ne7 13. h4 Qf5 14. Qxf5 Nxf5 15. g4 Nd6 16. Bg2 Ne4 17. Rhf1 h6 18. Rde1 Nd6 19. g5 hxg5 20. hxg5 Be7 21. d5 Nf5 22. dxe6 Bxe6 23. g6 Bf6 24. gxf7+ Bxf7 25. Ne5 c6 26. Nxf7 Kxf7 27. Bh3 g6 28. Re4 Bxb2 29. Kxb2 Re8 30. Rb4 Re7 31. Rh1 Rh8 32. Rf4 Rh4 33. Rf3 Kf6 34. Rg1 Re5 35. Rd1 Rh7 36. Rfd3 Rhe7 37. Rg1 Re1 38. Rg4 R1e4 39. Rg1 Re1 40. Rg2 R1e5 41. f4 Re3 42. Bxf5 Kxf5 43. Rd4 R3e4 44. Rg5+ Kf6 45. Rd6+ R4e6 46. Rd8 Re8 47. Rd2 Re2 48. Rd1 Re1 49. Rd3 R1e3 50. Rd7 R8e7 51. Rd8 1/2-1/2

[Event "IRL-chT"]
[Site "Dublin"]
[Date "2019.04.05"]
[Round "1.1"]
[White "Murray, David"]
[Black "Goss, Alex"]
[Result "1-0"]
[WhiteElo "2152"]
[BlackElo "1765"]
[PlyCount "53"]
[EventDate "2019.04.05"]
[EventType "team-swiss"]
[EventRounds "5"]
[EventCountry "IRL"]
[SourceTitle "CBM 189 Extra"]
[Source "ChessBase"]
[SourceDate "2019.05.31"]
[SourceVersion "1"]
[SourceVersionDate "2019.05.31"]
[SourceQuality "1"]
[WhiteTeam "Gonzaga"]
[BlackTeam "Elm Mount"]
[WhiteTeamCountry "IRL"]
[BlackTeamCountry "IRL"]

1. d4 e6 2. c4 Nf6 3. Nf3 Bb4+ 4. Nbd2 b6 5. a3 Be7 6. e4 0-0 7. Bd3 Bb7 8. e5 Ne8 9. Ne4 f5 10. exf6 Nxf6 11. Qc2 h6 12. Ne5 Nc6 13. Nxf6+ Bxf6 14. Nxc6 Bxc6 15. Be3 Bg5 16. 0-0-0 Bxe3+ 17. fxe3 Qg5 18. Rhe1 Qxg2 19. Rd2 Qg5 20. Kb1 Rf3 21. d5 Bb7 22. Rg2 Qe5 23. Reg1 Rf7 24. Rg6 Kh8 25. Qg2 Raf8 26. Qh3 Rf2 27. Qxh6+ 1-0

[Event "World ol U16"]
[Site "Poprad"]
[Date "2016.07.28"]
[Round "8.4"]
[White "Korenova, Simona"]
[Black "Goss, Alex"]
[Result "0-1"]
[WhiteElo "1638"]
[BlackElo "1618"]
[PlyCount "72"]
[EventDate "2016.07.22"]
[EventType "team-swiss"]
[EventRounds "9"]
[EventCountry "SVK"]
[SourceTitle "EXT 2017"]
[Source "ChessBase"]
[SourceDate "2016.10.25"]
[SourceVersion "1"]
[SourceVersionDate "2016.10.25"]
[SourceQuality "1"]
[WhiteTeam "Slovakia LSS"]
[BlackTeam "Ireland"]
[WhiteTeamCountry "SVK"]
[BlackTeamCountry "IRL"]

1. d4 Nf6 2. Nf3 c5 3. e3 e6 4. Bd3 d5 5. b3 Nc6 6. Bb2 cxd4 7. exd4 Be7 8. 0-0 0-0 9. a3 a5 10. Ne5 Qc7 11. f4 Nd7 12. Nd2 Ndxe5 13. fxe5 Qb6 14. Nf3 f6 15. Re1 fxe5 16. Nxe5 Nxe5 17. Rxe5 Bf6 18. Re3 g6 19. c3 e5 20. Bc2 Bd7 21. Kh1 exd4 22. cxd4 Rae8 23. Rxe8 Rxe8 24. Qf3 Qe6 25. h3 Rf8 26. Qd3 Qc6 27. Rc1 Bg5 28. Re1 Bf5 29. Qg3 Qxc2 30. Qxg5 Qxb2 31. Re7 Be4 32. Rxb7 Qxd4 33. Qe7 Rf1+ 34. Kh2 Qg1+ 35. Kg3 Qxg2+ 36. Kh4 Rf4# 0-1

[Event "Gonzaga Masters"]
[Site "Dublin"]
[Date "2016.01.24"]
[Round "5"]
[White "Goss, Alex"]
[Black "Scott, Luke"]
[Result "0-1"]
[WhiteElo "1715"]
[BlackElo "1829"]
[PlyCount "60"]
[EventDate "2016.01.22"]
[EventType "swiss"]
[EventRounds "5"]
[EventCountry "IRL"]
[SourceTitle "EXT 2023"]
[Source "ChessBase"]
[SourceDate "2022.10.05"]
[SourceVersion "1"]
[SourceVersionDate "2022.10.05"]
[SourceQuality "1"]

1. d4 Nf6 2. c4 c5 3. d5 b5 4. cxb5 a6 5. b6 g6 6. Nc3 Bg7 7. e4 d6 8. Bd3 0-0 9. Nge2 e6 10. Qb3 Qe7 11. Nf4 g5 12. Nfe2 Ng4 13. h3 Ne5 14. Bc4 Nxc4 15. Qxc4 Nd7 16. 0-0 Ne5 17. Qb3 Rb8 18. a4 Kh8 19. Nd1 exd5 20. exd5 g4 21. Nf4 gxh3 22. Nxh3 Rxb6 23. Qxb6 Nf3+ 24. Kh1 Bxh3 25. Bf4 Bxg2+ 26. Kxg2 Qe4 27. Bg3 Ne1+ 28. Kh3 Qg2+ 29. Kg4 f5+ 30. Kh5 Qh3+ 0-1